EASO annual general report 2015
Na minha lista:
| Formato: | Livro |
|---|---|
| Idioma: | inglês |
| Publicado em: |
Valletta
European Asylum Support Office
2016
|
| Assuntos: | |
| Tags: |
Sem tags, seja o primeiro a adicionar uma tag!
|
MARC
| LEADER | 00000nam a2200000 4500 | ||
|---|---|---|---|
| 001 | 0229439 | ||
| 005 | 20221107100849.3 | ||
| 020 | |a 978-92-9494-048-3 | ||
| 022 | |a 2314-9744 | ||
| 041 | 0 | |a eng | |
| 044 | |a MT | ||
| 245 | 1 | 0 | |a EASO annual general report 2015 |
| 264 | 1 | |a Valletta |b European Asylum Support Office |c 2016 | |
| 300 | |a 36 s. | ||
| 610 | 2 | 0 | |a pomoc rozvojová |
| 610 | 2 | 0 | |a pomoc humanitárna |
| 610 | 2 | 0 | |a pomoc sociálna |
| 610 | 2 | 0 | |a azyl |
| 610 | 2 | 0 | |a migrácia |